| 000 | 00779cam a2200265 i 4500 | ||
|---|---|---|---|
| 001 | 200442293 | ||
| 003 | TR-AnTOB | ||
| 005 | 20240510150109.0 | ||
| 007 | ta | ||
| 008 | 210727b1973 tu a 000 0 tur d | ||
| 040 |
_aTR-AnTOB _beng _erda _cTR-AnTOB |
||
| 041 | 0 | _atur | |
| 050 | 4 |
_bHD9579.C33 _aC86 1973 |
|
| 090 |
_aHD9579.C33 _bC86 1973 |
||
| 245 | 0 | 0 | _aCumhuriyetin 50. yılında Makina ve Kimya Endüstrisi Kurumu. |
| 264 | 1 |
_a[Ankara] : _bMKE, _c1973. |
|
| 300 |
_a77 pages : _billustrations ; _c21 cm |
||
| 336 |
_2rdacontent _atext _btxt |
||
| 337 |
_2rdamedia _aunmediated _bn |
||
| 338 |
_2rdacarrier _avolume _bnc |
||
| 650 | 7 |
_aPetrokimya endüstrisi _zTürkiye _2etuturkob _937714 |
|
| 942 |
_2lcc _cBK |
||
| 999 |
_c200442293 _d60505 |
||